Essentials of medical microbiology and immunology / (Record no. 51656)

MARC details
000 -LEADER
fixed length control field 00547nam a2200193Ia 4500
005 - DATE AND TIME OF LATEST TRANSACTION
control field 20260429111950.0
008 - FIXED-LENGTH DATA ELEMENTS--GENERAL INFORMATION
fixed length control field 260429s9999||||xx |||||||||||||| ||und||
020 ## - INTERNATIONAL STANDARD BOOK NUMBER
International Standard Book Number 9781666867626
041 ## - LANGUAGE CODE
Language English
082 ## - DEWEY DECIMAL CLASSIFICATION NUMBER
Classification number 616.9041
Item number WAR
100 ## - MAIN ENTRY--PERSONAL NAME
Personal name Warner, Digby
245 #0 - TITLE STATEMENT
Title Essentials of medical microbiology and immunology /
Statement of responsibility, etc Digby Warner
260 ## - PUBLICATION, DISTRIBUTION, ETC. (IMPRINT)
Place of publication, distribution, etc United States :
Name of publisher, distributor, etc American Academic Publishers,
Date of publication, distribution, etc 2024.
300 ## - PHYSICAL DESCRIPTION
Extent xii, 305 p.; hb
650 ## - SUBJECT ADDED ENTRY--TOPICAL TERM
Topical term or geographic name as entry element Immunology
650 ## - SUBJECT ADDED ENTRY--TOPICAL TERM
Topical term or geographic name as entry element Medical microbiology
650 ## - SUBJECT ADDED ENTRY--TOPICAL TERM
Topical term or geographic name as entry element Diseases
942 ## - ADDED ENTRY ELEMENTS (KOHA)
Koha item type Text Books
Holdings
Withdrawn status Lost status Damaged status Not for loan Collection code Home library Location Shelving location Date of Cataloging Source of acquisition Total Checkouts Full call number Barcode Date last seen Price effective from Koha item type
        Non-fiction CUTN Central Library CUTN Central Library Medicine, Technology & Management 29/04/2026 Chennai Book Agency, Chennai - Invoice No. 24-25/0155 on 10-02-2026   616.9041 WAR 56684 29/04/2026 29/04/2026 Text Books